All Solar System Planets Ever - Picture Quiz - Statistics

General Stats
  • This quiz has been taken 21 times
  • The average score is 13 of 28
Answer Stats
Picture Answer % Correct
Mercury
93%
Jupiter
86%
Luna
86%
Mars
86%
Saturn
86%
Sol
86%
Venus
86%
Earth
71%
Neptune
71%
Pluto
71%
Uranus
71%
Europa
64%
Ganymede
64%
Io
57%
Eris
43%
Callisto
36%
Ceres
36%
Titan
36%
Makemake
29%
Haumea
21%
Quaoar
14%
Dione
7%
Juno
7%
Pallas
7%
Rhea
7%
Sedna
7%
Vesta
7%
Tethys
0%
No matching quizzes found
Score Distribution
Percent of People with Each Score
Percentile by Number Answered
Your Score History
You have not taken this quiz